000 00792nam a2200229Ii 4500
003 JO-AjNU
008 230605s9999||||xx |||||||||||||| ||und||
017 _a1998/8244
020 _a977-1830-05-8
040 _aJO-AjNU
_bara
_erda
_cJO-AjNU
041 _aara
050 1 4 _aBP130.73.M8378 2004
100 3 _aعبد الصمد، محمد كامل,
_eauthor
_98179
245 0 0 _a الإعجاز العلمي في الإسلام: السيرة النبوية
250 _aط6
264 3 1 _aالقاهرة: الدار الجامعية اللبنانية، 2004
300 _a169ص
336 _atext
_btxt
_2rdacontent
337 _aunmediated
_bn
_2rdamedia
338 _avolume
_bnc
_2rdacarrier
650 4 _aالاسلام - الاعجاز العلمي - السيرو النبوية
_98180
999 _aA657
_c4225
_d4225